| Поле | Инд. | ПП | Название | Значение |
|---|---|---|---|---|
| Тип записи | a | |||
| Библиографический уровень | b | |||
| 001 | Контрольный номер | 0d9c6dedd6694e478a925227c271c1a8 | ||
| 005 | Дата корректировки | 20220405162148.5 | ||
| 024 | 80 | a | Стандартный номер | DOI: 10.1088/1748-0221/5/03/T03016 |
| 040 | a | Служба первич. каталог. | РИНЦ | |
| 041 | 0_ | a | Код языка текста | eng |
| 084 | a | Индекс другой классификации/Индекс ББК | 22.381 | |
| 097 | a | Ануфриева Г.Ю. | ||
| 100 | 1_ | a | Автор | Chatrchyan S. |
| 100 | 1_ | a | Автор | Khachatryan V. |
| 100 | 1_ | a | Автор | Sirunyan A. M. |
| 100 | 1_ | a | Автор | Avila C. |
| 100 | 1_ | a | Автор | Korenkov V. V. |
| g | Прочие сведения | РИНЦ AuthorID: 98902 (http://elibrary.ru/author_items.asp?authorid=98902) | ||
| q | Полное имя | Кореньков Владимир Васильевич | ||
| u | Дополнение | Кореньков В. В. | ||
| c | Титул (звания) | старший научный сотрудник; доктор технических наук | ||
| i | 000089014 | |||
| k | Кафедра распределенных информационно-вычислительных систем; Институт системного анализа и управления | |||
| 100 | 1_ | q | Полное имя | Никонов Эдуард Германович |
| g | Прочие сведения | РИНЦ AuthorID: 10316 (http://elibrary.ru/author_items.asp?authorid=10316); Scopus Author ID: 6603099928 (https://www.scopus.com/authid/detail.uri?origin=resultslist&authorId=6603099928&zone=) | ||
| a | Автор | Nikonov E. | ||
| u | Дополнение | Никонов Э. Г. | ||
| c | Титул (звания) | старший научный сотрудник; доктор физико-математических наук; профессор (должность) | ||
| i | 000089071 | |||
| k | Кафедра системного анализа и управления; Институт системного анализа и управления | |||
| 100 | 1_ | q | Полное имя | Шматов Сергей Владимирович |
| g | Прочие сведения | РИНЦ AuthorID: 29657 (http://elibrary.ru/author_profile.asp?id= 29657); Scopus Author ID: 6507993892 (https://www.scopus.com/authid/detail.uri?authorId=6507993892); ORCID ID: http://orcid.org/0000-0001-5354-8350 | ||
| a | Автор | Shmatov S. | ||
| u | Дополнение | Шматов С. В.; Shmatov Sergei V. | ||
| c | Титул (звания) | кандидат физико-математических наук; доцент (должность) | ||
| i | 000091237 | |||
| k | Кафедра фундаментальных проблем физики микромира; Инженерно-физический институт | |||
| 100 | 1_ | q | Полное имя | Смирнов Виталий Анатольевич |
| g | Прочие сведения | РИНЦ AuthorID: 98950 (http://elibrary.ru/author_profile.asp?id= 98950); SPIN-код: 6781-1948 (http://elibrary.ru/author_items.asp?authorid=98950); | ||
| a | Автор | Smirnov V. | ||
| u | Дополнение | Смирнов В. А. | ||
| c | Титул (звания) | доктор технических наук | ||
| i | 100093138 | |||
| k | Кафедра физико-технических систем; Факультет естественных и инженерных наук | |||
| 100 | 1_ | q | Полное имя | Жильцов Виктор Евгеньевич |
| a | Автор | Zhiltsov V. | ||
| u | Дополнение | Жильцов В. Е. | ||
| c | Титул (звания) | старший преподаватель | ||
| i | 000089032 | |||
| k | Кафедра распределенных информационно-вычислительных систем; Институт системного анализа и управления | |||
| 245 | 10 | a | Заглавие | Calibration of the CMS drift tube chambers and measurement of the drift velocity with cosmic rays |
| 650 | 04 | a | Основная рубрика | физика; ядерная физика |
| 773 | 18 | t | Название источника | Journal of Instrumentation |
| b | Сведения об издании | Institute of Physics and IOP Publishing Ltd. | ||
| c | Великобритания | |||
| d | Место и дата издания | 2010 | ||
| m | Специф. данные | входит в Scopus | ||
| m | Специф. данные | входит в WoS | ||
| m | Специф. данные | входит в ядро РИНЦ | ||
| n | Примечание | https://elibrary.ru/title_about.asp?id=30079 | ||
| p | J INSTRUM; JINST | |||
| g | Прочая информация | V. 5. - № 3. - P. T03016 | ||
| w | Контрольный № источника | 7e578aa61e4f4ef1932863bea8acfa2d | ||
| 856 | 40 | u | URL | https://elibrary.ru/item.asp?id=16978411 |
| 901 | t | Тип документа | b | |
| 952 | c | Вид литературы | статья в журнале |